000 01170nam a2200325Ia 4500
999 _c8345
_d8345
003 GCL
005 20240530095545.0
008 140319s9999 xx 000 0 ara d
020 _a3053289953
040 _aGCL /
_cGCL
082 0 4 _a189.1
_bك ت
100 1 _aكوربان، هنرى
245 1 0 _aتاريخ الفلسفة الاسلامية :
_bمنذ الينابيع حتى وفاة ابن رشد ( 1198 ) /
_cهنري كوربان
260 _aبيروت :
_bعويدات للنشر والطباعة ،
_c2004
300 _a397 ص ؛
_c24 سم
650 0 4 _aالفلسفة الاسلامية
650 0 4 _aالتصوف
650 0 4 _aالشريعة الاسلامية
650 0 4 _aالفرق الاسلامية
650 0 4 _aالفلاسفة المسلمون
650 0 4 _aالمذاهب الاسلامية
650 0 4 _aعلم الكلام
650 0 4 _aعلم الكلام - مذاهب
650 0 4 _aالفلسفة الاسلامية - تاريخ
650 0 4 _aالتصوف الاسلامى - نظرية الصوفي
700 1 _aنصير مروة
700 1 _aحسن قبيسي
700 1 _aموسى الصدر
942 _2ddc
_cBK